| 000 | 00341nam a2200145Ia 4500 | ||
|---|---|---|---|
| 008 | 240729s9999 xx 000 0 und d | ||
| 022 | _a2571-8800 | ||
| 245 | 0 | _aJ | |
| 260 | _aSwitzerland | ||
| 260 | _bMDPI AG | ||
| 650 | _aScience | ||
| 856 | _uhttps://doaj.org/toc/33fd50d030bf47fbb19f9489dbc605f6 | ||
| 942 | _2ddc | ||
| 942 | _cDOAJEJ | ||
| 999 |
_c74278 _d74278 |
||
| 945 |
_a1 _bMadushi Gamage _c1 _dMadushi Gamage |
||